[Event "Olimpiade 2022 - Open"]
[Site "Chennai"]
[Date "09.08.2022"]
[Round "11.3"]
[Board "1"]
[White "Abdusattorov, Nodirbek"]
[Black "Giri, Anish"]
[Result "1/2-1/2"]
[WhiteTitle "GM"]
[BlackTitle "GM"]
[WhiteElo "2688"]
[BlackElo "2760"]
[WhiteTeam "Uzbekistan"]
[BlackTeam "Netherlands"]
[WhiteFideId "14204118"]
[BlackFideId "24116068"]
[EventDate "2022.07.29"]

1. e4 c5 2. Nf3 d6 3. d4 cxd4 4. Nxd4 Nf6 5. Nc3 a6 6. Rg1 h5 7. h3 g6 8. Be3
Bg7 9. Qe2 b5 10. O-O-O Nbd7 11. g4 Bb7 12. Bg2 b4 13. Nd5 e5 14. Nxf6+ Nxf6 15.
Nb3 Qc7 16. gxh5 Nxh5 17. Qd2 Rc8 18. Kb1 Nf4 19. Bf3 O-O 20. Qxb4 d5 21. c3
dxe4 22. Bxe4 Bxe4+ 23. Qxe4 Nxh3 24. Rge1 Nf4 25. Nc5 Qc6 26. Bxf4 exf4 27.
Qxc6 Rxc6 28. Rd5 Rfc8 29. Nd3 Bf6 30. Rg1 Rb6 31. Kc2 Rc4 32. Re1 Kg7 33. Rc5
Rxc5 34. Nxc5 Bh4 35. Nd3 g5 36. c4 Kf6 37. b4 f3 38. c5 Re6 39. Kd1 g4 40. a4
g3 41. fxg3 Bxg3 42. Rf1 Re3 43. Kd2 Re2+ 44. Kd1 Re3 45. Kd2 Re2+ 46. Kd1 1/2-1/2

[Event "Olimpiade 2022 - Open"]
[Site "Chennai"]
[Date "09.08.2022"]
[Round "11.3"]
[Board "2"]
[White "Van Foreest, Jorden"]
[Black "Yakubboev, Nodirbek"]
[Result "1/2-1/2"]
[WhiteTitle "GM"]
[BlackTitle "GM"]
[WhiteElo "2678"]
[BlackElo "2620"]
[WhiteTeam "Netherlands"]
[BlackTeam "Uzbekistan"]
[WhiteFideId "1039784"]
[BlackFideId "14203987"]
[EventDate "2022.07.29"]

1. d4 Nf6 2. c4 g6 3. Nc3 Bg7 4. e4 d6 5. Nf3 O-O 6. Bd3 Bg4 7. Be2 Nfd7 8. Be3
Nb6 9. h4 e6 10. Ng5 Bxe2 11. Qxe2 Nc6 12. O-O-O h6 13. Nf3 f5 14. exf5 Rxf5 15.
Kb1 d5 16. c5 Nc4 17. Bc1 Qf6 18. Rhe1 Rxf3 19. Qxf3 Qxf3 20. gxf3 Nxd4 21. b3
Ne5 22. Rxd4 Nxf3 23. Rdd1 Nxe1 24. Nb5 c6 25. Rxe1 cxb5 26. Rxe6 Kf7 27. Rd6
Bf8 28. Rxd5 Ke6 29. Rd4 Bxc5 30. Rg4 Kf5 31. Rf4+ Ke6 32. Rg4 Kf5 33. Rf4+ 1/2-1/2

[Event "Olimpiade 2022 - Open"]
[Site "Chennai"]
[Date "09.08.2022"]
[Round "11.3"]
[Board "3"]
[White "Sindarov, Javokhir"]
[Black "Bok, Benjamin"]
[Result "1/2-1/2"]
[WhiteTitle "GM"]
[BlackTitle "GM"]
[WhiteElo "2629"]
[BlackElo "2616"]
[WhiteTeam "Uzbekistan"]
[BlackTeam "Netherlands"]
[WhiteFideId "14205483"]
[BlackFideId "1017063"]
[EventDate "2022.07.29"]

1. e4 e5 2. Nf3 Nc6 3. Bc4 Bc5 4. Nc3 Nf6 5. d3 h6 6. O-O O-O 7. h3 a6 8. Be3
Bxe3 9. fxe3 d6 10. d4 b5 11. Bd3 Re8 12. d5 Ne7 13. Nd2 Ng6 14. a4 b4 15. Na2
a5 16. c3 bxc3 17. Nxc3 Bd7 18. Bb5 Nf8 19. Rc1 Qe7 20. Qc2 Rec8 21. Rf3 Qd8 22.
Nc4 N8h7 23. Rd1 Rcb8 24. Rdf1 Be8 25. R3f2 Nd7 26. Bc6 Ra6 27. Qe2 Ra7 28. Nb5
Ra6 29. Nd2 Rxc6 30. dxc6 Nc5 31. Qc4 Nf6 32. Nb3 Nxb3 33. Qxb3 Bxc6 34. Qc4
Bxb5 35. axb5 Qd7 36. Rc1 Rxb5 37. Qxc7 Qxc7 38. Rxc7 Rb3 39. Ra7 Rxe3 40. Rc2
Nxe4 41. Rc8+ Kh7 42. Rxf7 Nc5 43. Rcc7 Rg3 44. Ra7 a4 45. Kh2 Rg6 46. g4 e4 47.
Rfe7 d5 48. Re5 Rb6 49. Rxd5 Rxb2+ 50. Kg3 Rb3+ 51. Kh2 Rb2+ 52. Kg3 Rb3+ 53.
Kh2 1/2-1/2

[Event "Olimpiade 2022 - Open"]
[Site "Chennai"]
[Date "09.08.2022"]
[Round "11.4"]
[Board "1"]
[White "Harikrishna, Pentala"]
[Black "Caruana, Fabiano"]
[Result "1/2-1/2"]
[WhiteTitle "GM"]
[BlackTitle "GM"]
[WhiteElo "2720"]
[BlackElo "2783"]
[WhiteTeam "India"]
[BlackTeam "United States of America"]
[WhiteFideId "5007003"]
[BlackFideId "2020009"]
[EventDate "2022.07.29"]

1. d4 Nf6 2. c4 e6 3. Nc3 Bb4 4. Qc2 O-O 5. a3 Bxc3+ 6. Qxc3 d5 7. Bg5 h6 8.
Bxf6 Qxf6 9. Nf3 dxc4 10. Qxc4 Nc6 11. e3 e5 12. d5 e4 13. Qxe4 Qxb2 14. Rd1
Qc3+ 15. Rd2 Qc1+ 16. Rd1 Qc3+ 17. Rd2 Qc1+ 18. Rd1 Qc3+ 1/2-1/2

[Event "Olimpiade 2022 - Open"]
[Site "Chennai"]
[Date "09.08.2022"]
[Round "11.4"]
[Board "2"]
[White "So, Wesley"]
[Black "Vidit, Santosh Gujrathi"]
[Result "1/2-1/2"]
[WhiteTitle "GM"]
[BlackTitle "GM"]
[WhiteElo "2773"]
[BlackElo "2714"]
[WhiteTeam "United States of America"]
[BlackTeam "India"]
[WhiteFideId "5202213"]
[BlackFideId "5029465"]
[EventDate "2022.07.29"]

1. e4 e5 2. Nf3 Nc6 3. Bc4 Nf6 4. d3 Bc5 5. O-O d6 6. c3 a5 7. Re1 Ba7 8. Na3
O-O 9. h3 h6 10. Nb5 Bb6 11. Be3 Bxe3 12. Rxe3 Re8 13. Qc2 Ne7 14. Qb3 Rf8 15.
d4 exd4 16. Nbxd4 d5 17. exd5 Nexd5 18. Re5 c6 19. Rae1 Qd6 20. Nb5 Qd8 21. Rd1
Bd7 22. Bxd5 cxd5 23. Nbd4 Qc7 24. Rde1 Rfe8 25. Rxe8+ Rxe8 26. Rxe8+ Bxe8 27.
Nf5 b5 28. a3 Qc5 29. Qd1 b4 30. axb4 axb4 31. Qd4 Qxd4 32. cxd4 Kf8 33. Ne5 Ne4
34. Ne3 Nd6 35. b3 Nb7 36. Nd3 Na5 37. Nc5 Nc6 38. Nc2 Ke7 39. Nd3 Na5 40. Ndxb4
Nxb3 41. Nxd5+ Kd6 42. Nde3 g6 43. f3 f5 44. g3 Ke6 45. Kf2 g5 46. f4 Bc6 47.
Nc4 Be4 48. N4a3 gxf4 49. gxf4 Kd5 50. Ke3 Bxc2 51. Nxc2 Kc4 52. Na3+ Kb4 53.
Nc2+ Kc4 54. h4 h5 55. Na3+ Kb4 56. Nb1 Kc4 57. d5 Kxd5 58. Nc3+ Ke6 59. Ne2 Kf6
60. Ng3 Kg6 61. Kd3 Nc5+ 62. Kd4 Ne6+ 63. Ke5 Nc5 64. Ne2 Nd3+ 65. Kd4 Ne1 66.
Ke3 Kf6 1/2-1/2

[Event "Olimpiade 2022 - Open"]
[Site "Chennai"]
[Date "09.08.2022"]
[Round "11.4"]
[Board "4"]
[White "Shankland, Sam"]
[Black "Narayanan, S.L."]
[Result "1-0"]
[WhiteTitle "GM"]
[BlackTitle "GM"]
[WhiteElo "2720"]
[BlackElo "2659"]
[WhiteTeam "United States of America"]
[BlackTeam "India"]
[WhiteFideId "2004887"]
[BlackFideId "5058422"]
[EventDate "2022.07.29"]

1. d4 Nf6 2. c4 e6 3. Nc3 Bb4 4. Qc2 d5 5. a3 Bxc3+ 6. Qxc3 b6 7. Nf3 dxc4 8.
Qxc4 Ba6 9. Qa4+ Qd7 10. Qc2 Qc6 11. Qxc6+ Nxc6 12. Bf4 Nd5 13. Bg3 Nce7 14. Rc1
Nf5 15. e3 Bxf1 16. Kxf1 Rc8 17. Ke2 f6 18. e4 Nxg3+ 19. hxg3 Ne7 20. g4 O-O 21.
Rc2 h6 22. Rhc1 c6 23. b4 Ra8 24. Rb1 Rfc8 25. Nd2 Rd8 26. Nb3 Kf7 27. Rbc1 Rd7
28. g3 Rad8 29. Rc3 e5 30. dxe5 fxe5 31. R1c2 Rd6 32. Nd2 Re6 33. Nc4 Rd4 34. f3
Kf6 35. Rd3 Ng6 36. Ne3 Rxd3 37. Kxd3 Rd6+ 38. Ke2 Ne7 39. Nc4 Rd4 40. Nb2 g6
41. Ke3 Rd8 42. Rh2 Ng8 43. Nd3 g5 44. Rc2 Rd6 45. Ke2 Ne7 46. Nb2 Rd8 47. Nc4
c5 48. bxc5 Nc6 49. Ke3 bxc5 50. Nd2 Na5 51. Rxc5 Rxd2 52. Rxa5 Rb2 53. Ra6+ Ke7
54. Rxa7+ Kd6 55. Ra6+ Ke7 56. a4 Rb3+ 57. Ke2 Rb2+ 58. Kd3 Rb3+ 59. Kc4 Rxf3
60. a5 Rxg3 61. Rxh6 Kd7 62. Kd5 Kc7 63. Rh7+ Kb8 64. Kxe5 Rxg4 65. Rg7 Rg1 66.
Kf5 Ra1 67. e5 Kc8 68. Kxg5 Rxa5 69. Kf6 Ra1 70. e6 Rf1+ 71. Ke7 Rh1 72. Rg2
Rh7+ 73. Kd6 Rh8 74. Rc2+ 1-0

[Event "Olimpiade 2022 - Open"]
[Site "Chennai"]
[Date "09.08.2022"]
[Round "11.5"]
[Board "1"]
[White "Schitco, Ivan"]
[Black "Adams, Michael"]
[Result "1/2-1/2"]
[WhiteTitle "IM"]
[BlackTitle "GM"]
[WhiteElo "2490"]
[BlackElo "2696"]
[WhiteTeam "Moldova"]
[BlackTeam "England"]
[WhiteFideId "13905465"]
[BlackFideId "400041"]
[EventDate "2022.07.29"]

1. d4 Nf6 2. c4 e6 3. g3 d5 4. Bg2 dxc4 5. Nf3 a6 6. O-O Nc6 7. Nbd2 Nxd4 8.
Nxc4 Nxf3+ 9. Bxf3 Qxd1 10. Rxd1 Nd5 11. e4 Nb6 12. Nxb6 cxb6 13. e5 Bd7 14. Be3
Bc5 15. Bxc5 bxc5 16. Rd6 Ke7 17. Rad1 Bb5 18. b3 Rad8 19. Bxb7 Rxd6 20. Rxd6 a5
21. Bc6 Rb8 22. a4 Be2 23. Rd7+ Kf8 24. f4 Rc8 25. Bb7 Rb8 26. Bc6 Rc8 27. Bb7
Rb8 28. Kf2 Bd1 29. Rxd1 Rxb7 30. Rd8+ Ke7 31. Rc8 Rxb3 32. Rxc5 Rb2+ 33. Kg1 h6
34. h4 Rb1+ 35. Kg2 Rb2+ 36. Kf3 Rb3+ 37. Kg2 Rb2+ 38. Kf3 Rb3+ 39. Kg4 h5+ 40.
Kxh5 Rxg3 41. Rxa5 f5 42. exf6+ Kxf6 43. Rg5 Ra3 44. a5 Kf7 45. Kg4 g6 46. h5
gxh5+ 47. Rxh5 Kf6 48. Rh6+ Kg7 49. Rh5 Kf6 50. Rb5 Kg6 51. Rb6 Rxa5 52. Rxe6+
Kf7 53. Rb6 Rc5 54. Rb7+ Kf6 55. Rb6+ Kf7 56. Rb7+ 1/2-1/2

[Event "Olimpiade 2022 - Open"]
[Site "Chennai"]
[Date "09.08.2022"]
[Round "11.5"]
[Board "2"]
[White "McShane, Luke J"]
[Black "Hamitevici, Vladimir"]
[Result "0-1"]
[WhiteTitle "GM"]
[BlackTitle "GM"]
[WhiteElo "2649"]
[BlackElo "2473"]
[WhiteTeam "England"]
[BlackTeam "Moldova"]
[WhiteFideId "404853"]
[BlackFideId "13902393"]
[EventDate "2022.07.29"]

1. e4 d6 2. d4 Nf6 3. Nc3 g6 4. Be3 c6 5. Nf3 Bg7 6. Qd2 b5 7. Bd3 Nbd7 8. O-O
O-O 9. h3 e5 10. dxe5 dxe5 11. a4 b4 12. Ne2 c5 13. Ng3 a5 14. Rad1 Qc7 15. Bb5
Ba6 16. Bxa6 Rxa6 17. Bh6 Re8 18. Qg5 Nf8 19. Bxg7 Kxg7 20. Rd2 Ng8 21. Nf5+ Kh8
22. Ne3 f6 23. Qh4 Qc6 24. Nd5 Ra7 25. b3 Rf7 26. Ne3 Ne6 27. Nc4 Nd4 28. Nxa5
Qc7 29. Nc4 f5 30. Nxd4 cxd4 31. exf5 Rxf5 32. Re1 Nf6 33. f3 Qc5 34. Kh1 g5 35.
Qg3 h5 36. h4 g4 37. Rde2 gxf3 38. gxf3 Rg8 39. Qh3 e4 40. fxe4 Rf4 41. Rf1 d3
42. Re3 dxc2 43. Rxf4 c1=Q+ 44. Rf1 Qc2 45. Rxf6 Qxe4+ 46. Rff3 Qcd4 47. Qf1 Qc2
48. Ne5 Qdb2 49. Nf7+ Kh7 50. Ng5+ Rxg5 51. Rf7+ Rg7 52. Re2 Qc6+ 53. Kh2 Qd6+
54. Kh1 Qd5+ 55. Rf3 Qf6 56. Rf2 Qxh4+ 57. Rh2 Qxf3+ 58. Qxf3 Qe1+ 59. Qf1 Qxf1# 0-1

[Event "Olimpiade 2022 - Open"]
[Site "Chennai"]
[Date "09.08.2022"]
[Round "11.5"]
[Board "3"]
[White "Baltag, Iulian"]
[Black "Jones, Gawain C B"]
[Result "1/2-1/2"]
[WhiteTitle "IM"]
[BlackTitle "GM"]
[WhiteElo "2405"]
[BlackElo "2652"]
[WhiteTeam "Moldova"]
[BlackTeam "England"]
[WhiteFideId "13901419"]
[BlackFideId "409561"]
[EventDate "2022.07.29"]

1. e4 e5 2. Nf3 Nc6 3. Bb5 a6 4. Bxc6 dxc6 5. O-O Qf6 6. d4 exd4 7. Bg5 Qd6 8.
Nxd4 Be7 9. Bxe7 Nxe7 10. Nc3 O-O 11. Nb3 Qxd1 12. Raxd1 a5 13. a4 f6 14. Rd2 g5
15. Rfd1 Ng6 16. Nd4 h5 17. b3 Kf7 18. f3 g4 19. Kf2 gxf3 20. gxf3 Bh3 21. Nf5
Ne5 22. Nh4 Be6 23. Ne2 Rae8 24. Nd4 Bc8 25. Ndf5 Rh8 26. Rg1 Rh7 27. Ke3 Be6
28. Rdg2 Reh8 29. Rg7+ Kf8 30. Ng6+ Nxg6 31. R7xg6 Kf7 32. Rg7+ Kf8 33. R7g6 Kf7
34. Rg7+ Kf8 35. R7g6 1/2-1/2

[Event "Olimpiade 2022 - Open"]
[Site "Chennai"]
[Date "09.08.2022"]
[Round "11.6"]
[Board "1"]
[White "Mamedyarov, Shakhriyar"]
[Black "Indjic, Aleksandar"]
[Result "1-0"]
[WhiteTitle "GM"]
[BlackTitle "GM"]
[WhiteElo "2759"]
[BlackElo "2620"]
[WhiteTeam "Azerbaijan"]
[BlackTeam "Serbia"]
[WhiteFideId "13401319"]
[BlackFideId "911925"]
[EventDate "2022.07.29"]

1. c4 c5 2. Nf3 Nf6 3. Nc3 Nc6 4. e3 a6 5. b3 e6 6. Bb2 d5 7. cxd5 exd5 8. Rc1
d4 9. Na4 Ne4 10. Bd3 f5 11. O-O Bd6 12. exd4 cxd4 13. Rxc6 bxc6 14. Bc4 c5 15.
d3 Nf6 16. Re1+ Kf8 17. b4 cxb4 18. Bxd4 Rb8 19. Nc5 Qc7 20. Ne6+ Bxe6 21. Rxe6
Re8 22. Ng5 h6 23. Rxe8+ Kxe8 24. Ne6 Qb7 25. Qa4+ Ke7 26. Nxg7 Qc8 27. Qa5 Re8
28. Kf1 Ne4 29. Nxf5+ Kd7 30. Qa4+ Kd8 31. Bb6+ Bc7 32. dxe4 1-0

[Event "Olimpiade 2022 - Open"]
[Site "Chennai"]
[Date "09.08.2022"]
[Round "11.6"]
[Board "2"]
[White "Ivic, Velimir"]
[Black "Mamedov, Rauf"]
[Result "1/2-1/2"]
[WhiteTitle "GM"]
[BlackTitle "GM"]
[WhiteElo "2581"]
[BlackElo "2656"]
[WhiteTeam "Serbia"]
[BlackTeam "Azerbaijan"]
[WhiteFideId "950122"]
[BlackFideId "13401653"]
[EventDate "2022.07.29"]

1. e4 c5 2. Nf3 Nc6 3. Bb5 g6 4. Bxc6 bxc6 5. O-O Bg7 6. Re1 Qc7 7. d3 d6 8. e5
dxe5 9. Na3 f6 10. Be3 Nh6 11. Bxc5 Nf7 12. Nc4 O-O 13. b4 Ba6 14. Nfd2 f5 15.
Qc1 e4 16. Rb1 Nd6 17. Qa3 Bxc4 18. Nxc4 Kh8 19. Qb3 Rad8 20. a4 Rfe8 21. Nd2
Nb7 22. Bxa7 Ra8 23. Be3 f4 24. Bc5 Nxc5 25. bxc5 e3 26. fxe3 fxe3 27. Nf3 Qf4
28. Qe6 Qxa4 29. Ne5 Bf6 30. Rbc1 Qd4 31. Nf3 Qxc5 32. Qxe3 Qxe3+ 33. Rxe3 Ra2
34. Re4 Rd8 35. Rc4 Rd6 36. Re1 Kg7 37. g4 h6 38. h4 Ra5 39. Kg2 Kf7 40. Kg3 Ke8
41. Rb1 Rb5 42. Rbb4 Rxb4 43. Rxb4 Rd5 44. Rb8+ Kf7 45. Rc8 Rd6 46. g5 hxg5 47.
hxg5 Bc3 48. Ra8 Rd5 49. Ra4 Be5+ 50. Kg4 Bd6 51. Rc4 c5 52. Re4 Rf5 53. c4 Bc7
54. d4 cxd4 55. Nxd4 Rc5 56. Nb3 Rf5 57. Nd4 Rc5 58. Nb3 Rf5 59. Nd4 1/2-1/2

[Event "Olimpiade 2022 - Open"]
[Site "Chennai"]
[Date "09.08.2022"]
[Round "11.6"]
[Board "3"]
[White "Guseinov, Gadir"]
[Black "Markus, Robert"]
[Result "1/2-1/2"]
[WhiteTitle "GM"]
[BlackTitle "GM"]
[WhiteElo "2668"]
[BlackElo "2616"]
[WhiteTeam "Azerbaijan"]
[BlackTeam "Serbia"]
[WhiteFideId "13401378"]
[BlackFideId "921637"]
[EventDate "2022.07.29"]

1. e4 e5 2. Nf3 Nf6 3. d4 Nxe4 4. dxe5 d5 5. Nbd2 Nxd2 6. Bxd2 Be7 7. Bd3 c5 8.
c3 Nc6 9. O-O O-O 10. Re1 Be6 11. Qc2 h6 12. Rad1 Qd7 13. Bf4 Rfd8 14. Bg3 f5
15. exf6 Bxf6 16. Nh4 Bxh4 17. Bxh4 Re8 18. h3 Bf7 19. Qd2 d4 20. Bb1 Rxe1+ 21.
Rxe1 Re8 22. Rxe8+ Qxe8 23. f4 Qe6 24. Bf2 Bg6 25. Bxg6 Qxg6 26. cxd4 Nxd4 27.
Bxd4 cxd4 28. Qxd4 Qb1+ 29. Kh2 Qxa2 30. Qd8+ Kh7 31. Qd3+ Kg8 1/2-1/2

[Event "Olimpiade 2022 - Open"]
[Site "Chennai"]
[Date "09.08.2022"]
[Round "11.6"]
[Board "4"]
[White "Ivanisevic, Ivan"]
[Black "Durarbayli, Vasif"]
[Result "1/2-1/2"]
[WhiteTitle "GM"]
[BlackTitle "GM"]
[WhiteElo "2561"]
[BlackElo "2638"]
[WhiteTeam "Serbia"]
[BlackTeam "Azerbaijan"]
[WhiteFideId "912417"]
[BlackFideId "13402935"]
[EventDate "2022.07.29"]

1. d4 Nf6 2. c4 e6 3. g3 c5 4. d5 exd5 5. cxd5 d6 6. Nc3 g6 7. Bg2 Bg7 8. Nf3
O-O 9. O-O Re8 10. Re1 Nbd7 11. e4 Ng4 12. Nd2 Nde5 13. h3 Nf6 14. Bf1 c4 15. a4
h5 16. Ra3 a6 17. a5 Qc7 18. Nf3 Nfd7 19. Nxe5 Nxe5 20. Be3 f5 21. Bb6 Qf7 22.
f4 Nd3 23. Re3 Nxb2 24. Qe1 fxe4 25. Nxe4 Bd7 26. Ng5 Qxd5 27. Bg2 Qf5 28. Be4
Rxe4 29. Rxe4 Nd3 30. Qe3 Qb5 31. Re7 Re8 32. Rxg7+ Kxg7 33. Qd4+ Kg8 34. Ra1
Qb2 35. Qxc4+ Be6 36. Qd4 Qxd4+ 37. Bxd4 Bd5 38. Rd1 Re1+ 39. Rxe1 Nxe1 40. Kf2
Nd3+ 41. Ke3 Nb4 42. Bc3 Nc6 43. g4 Ne7 44. Bb4 Nc6 45. Bc3 Ne7 46. Bb4 1/2-1/2

[Event "Olimpiade 2022 - Open"]
[Site "Chennai"]
[Date "09.08.2022"]
[Round "11.7"]
[Board "1"]
[White "Yilmaz, Mustafa"]
[Black "Wojtaszek, Radoslaw"]
[Result "1/2-1/2"]
[WhiteTitle "GM"]
[BlackTitle "GM"]
[WhiteElo "2634"]
[BlackElo "2708"]
[WhiteTeam "Turkey"]
[BlackTeam "Poland"]
[WhiteFideId "6302718"]
[BlackFideId "1118358"]
[EventDate "2022.07.29"]

1. d4 Nf6 2. c4 e6 3. Nf3 d5 4. Nc3 Bb4 5. Bg5 h6 6. Bxf6 Qxf6 7. Qa4+ Nc6 8. e3
O-O 9. Be2 Bd7 10. Qc2 dxc4 11. O-O Na5 12. Ne4 Qe7 13. Ne5 Rfd8 14. f4 f5 15.
Ng3 Bd6 16. Nxc4 Nxc4 17. Bxc4 Kh8 18. e4 fxe4 19. Qxe4 Bc6 20. Qg6 Be8 21. Qe4
Bc6 22. Qg6 Be8 23. Qxe6 Qxe6 24. Bxe6 Be7 25. d5 c6 26. Rfd1 cxd5 27. Bxd5 Rac8
28. Bxb7 Rb8 29. Rxd8 Bxd8 30. Bd5 Rxb2 31. Re1 Bd7 32. Ne4 Ba5 33. Rd1 Bc7 34.
h4 Bg4 35. Rf1 g6 36. Bb3 Kg7 37. Nc3 Bd8 38. Nd5 Bxh4 39. Ne3 Bd7 40. Rd1 Bc6
41. Rd6 Bf2+ 42. Kh2 Bxe3 43. Rxc6 Bxf4+ 44. Kh3 h5 45. g3 Be5 46. Rc2 Rb1 47.
Re2 Kf6 48. Rf2+ Kg5 49. Re2 Bc7 50. Rc2 Be5 51. Re2 Kf6 52. Rf2+ Kg7 53. Re2
Bf6 54. Kg2 g5 55. Rc2 Be5 56. Rc5 Rb2+ 57. Rc2 Rb1 58. Rc5 Rb2+ 1/2-1/2

[Event "Olimpiade 2022 - Open"]
[Site "Chennai"]
[Date "09.08.2022"]
[Round "11.7"]
[Board "2"]
[White "Piorun, Kacper"]
[Black "Can, Emre"]
[Result "1-0"]
[WhiteTitle "GM"]
[BlackTitle "GM"]
[WhiteElo "2636"]
[BlackElo "2606"]
[WhiteTeam "Poland"]
[BlackTeam "Turkey"]
[WhiteFideId "1130420"]
[BlackFideId "6302181"]
[EventDate "2022.07.29"]

1. d4 d5 2. Nf3 Nf6 3. e3 e6 4. Bd3 b6 5. b3 Bb7 6. Bb2 Bd6 7. O-O Nbd7 8. Ne5
O-O 9. Qe2 a6 10. c4 Qe7 11. Rd1 Rfd8 12. Nd2 Ne4 13. Nxd7 Rxd7 14. Nf3 Rdd8 15.
Rac1 dxc4 16. Bxc4 c5 17. Bd3 b5 18. a4 bxa4 19. bxa4 cxd4 20. Nxd4 Nc5 21. Qg4
g6 22. Bc2 Rac8 23. Ba1 Nd7 24. Bb3 Nf6 25. Qg5 Rxc1 26. Rxc1 Nd5 27. Qh6 Qf8
28. Qh3 Qe7 29. Nf3 Nb4 30. Qh6 Qf8 31. Qg5 h6 32. Qf6 Kh7 33. Ne5 Bxe5 34. Bxe5
Rc8 35. Rd1 Bd5 36. h4 Nc6 37. Bxd5 Nxe5 38. Qxe5 exd5 39. h5 g5 40. Rxd5 Rd8
41. Qe4+ Kg8 42. Re5 Qd6 43. g4 Kg7 44. Kg2 Rb8 45. Rd5 Qf6 46. Qc4 Rb6 47. a5
Rc6 48. Qe4 Re6 49. Qd3 Rc6 50. Rd8 Rc2 51. Qxc2 Qxd8 52. Qc5 Qa8+ 53. f3 Kg8
54. Kf2 Qb8 55. Ke2 Qb2+ 56. Kd3 Qb3+ 57. Ke4 Qe6+ 58. Qe5 Qc4+ 59. Qd4 Qe6+ 60.
Kd3 Qb3+ 61. Qc3 Qd5+ 62. Ke2 Qa2+ 63. Qd2 Qc4+ 64. Kf2 Qc7 65. Kg2 Qc6 66. Qd8+
Kg7 67. Qd3 Qc1 68. Qd4+ Kg8 69. Qd8+ Kg7 70. Kf2 Qc2+ 71. Ke1 Qc1+ 72. Ke2 Qc2+
73. Qd2 Qc4+ 74. Ke1 Qc6 75. Kf2 Qc7 76. f4 gxf4 77. exf4 Qc5+ 78. Kf3 Qc6+ 79.
Kg3 Qe4 80. Qb2+ Kh7 81. Qc3 Qb1 82. Qc4 Qb7 83. g5 hxg5 84. fxg5 Qe7 85. Kf4
Qd6+ 86. Kf5 Qd7+ 87. Ke5 Qe7+ 88. Kd4 Qd6+ 89. Qd5 Qb4+ 90. Ke5 Qb8+ 91. Ke4
Qe8+ 92. Kf3 Kh8 93. Qd4+ Kg8 94. h6 Qc6+ 95. Kg3 Qg6 96. Kh4 Kh7 97. Qe5 Kg8
98. Kg4 Kf8 99. Qh8+ Ke7 100. Qf6+ 1-0

[Event "Olimpiade 2022 - Open"]
[Site "Chennai"]
[Date "09.08.2022"]
[Round "11.7"]
[Board "3"]
[White "Ali Marandi, Cemil Can"]
[Black "Moranda, Wojciech"]
[Result "1-0"]
[WhiteTitle "GM"]
[BlackTitle "GM"]
[WhiteElo "2561"]
[BlackElo "2636"]
[WhiteTeam "Turkey"]
[BlackTeam "Poland"]
[WhiteFideId "6300529"]
[BlackFideId "1122401"]
[EventDate "2022.07.29"]

1. e4 c6 2. d4 d5 3. Nc3 dxe4 4. Nxe4 Nf6 5. Nxf6+ exf6 6. c3 Bd6 7. Bd3 O-O 8.
Qc2 Re8+ 9. Ne2 h5 10. Be3 Nd7 11. O-O-O b5 12. g4 hxg4 13. Rdg1 Nf8 14. Ng3 g6
15. h3 Bxg3 16. Rxg3 Qd5 17. Rh2 gxh3 18. f4 Bg4 19. f5 Rxe3 20. Rxe3 gxf5 21.
Bf1 Ng6 22. Bxh3 Kg7 23. Rg3 Qd6 24. Qf2 Rh8 25. Kb1 Qf4 26. Qxf4 Nxf4 27. Bxg4
Rxh2 28. Bxf5+ Kf8 29. Bd7 Ke7 30. Bxc6 a6 31. a4 bxa4 32. Bxa4 Ne6 33. Re3 Kd6
34. Rf3 Ke7 35. Rf5 Rg2 36. Ra5 Nc7 37. Rc5 Ne6 38. Rc6 a5 39. d5 Nf4 40. d6+
Ke6 41. d7+ Ke7 42. Rc8 1-0

[Event "Olimpiade 2022 - Open"]
[Site "Chennai"]
[Date "09.08.2022"]
[Round "11.7"]
[Board "4"]
[White "Bartel, Mateusz"]
[Black "Solak, Dragan"]
[Result "1-0"]
[WhiteTitle "GM"]
[BlackTitle "GM"]
[WhiteElo "2597"]
[BlackElo "2594"]
[WhiteTeam "Poland"]
[BlackTeam "Turkey"]
[WhiteFideId "1112635"]
[BlackFideId "916811"]
[EventDate "2022.07.29"]

1. d4 d5 2. c4 c6 3. Nf3 Nf6 4. Qb3 e6 5. Nc3 Be7 6. g3 O-O 7. Bg2 b6 8. O-O Ba6
9. cxd5 cxd5 10. Ne5 Bb7 11. Bf4 Nc6 12. Rfd1 Na5 13. Qc2 Rc8 14. Rac1 Ne4 15.
Qd3 Nxc3 16. Rxc3 Rxc3 17. Qxc3 f6 18. Nd3 Qd7 19. b3 Rc8 20. Qb2 Nc6 21. h4 Nb4
22. Ne1 Nc6 23. Bh3 Nd8 24. Ng2 Qc6 25. Rc1 Qd7 26. h5 Rxc1+ 27. Qxc1 Qc8 28.
Qe3 Ba6 29. Qd2 Qc6 30. Be3 Bc8 31. Nf4 Nf7 32. Nd3 Nd6 33. f3 Nf7 34. Kh2 a5
35. Nf4 Ng5 36. Bg4 Kf7 37. Nd3 Qc7 38. Bf4 Bd6 39. Bxg5 fxg5 40. Qxg5 Bxg3+ 41.
Kg2 Bd6 42. h6 g6 43. Ne5+ Bxe5 44. dxe5 Qe7 45. Qe3 Qc5 46. Qf4+ Ke8 47. Qf6
Qf8 48. Qxf8+ Kxf8 49. Kf2 Ke7 50. Ke3 Ba6 51. f4 Bb5 52. Kd4 Ba6 53. Kc3 Bb5
54. e3 Be8 55. b4 axb4+ 56. Kxb4 Bd7 57. Be2 Kf7 58. Bd3 Bc6 59. Bc2 Bd7 60. a3
Kf8 61. Ba4 Bc8 62. Bc6 Ba6 63. Bb5 Bc8 64. Bc6 Ba6 65. Bd7 Kf7 66. a4 Ke7 67.
Bc6 Kf7 68. Bb5 Bc8 69. a5 bxa5+ 70. Kxa5 g5 71. fxg5 Kg6 72. Kb6 Kxg5 73. Kc7
Kf5 74. Kxc8 Kxe5 75. Kd7 Kf6 76. Kd6 1-0

[Event "Olimpiade 2022 - Open"]
[Site "Chennai"]
[Date "09.08.2022"]
[Round "11.8"]
[Board "1"]
[White "Volokitin, Andrei"]
[Black "Laurusas, Tomas"]
[Result "1/2-1/2"]
[WhiteTitle "GM"]
[BlackTitle "GM"]
[WhiteElo "2674"]
[BlackElo "2561"]
[WhiteTeam "Ukraine"]
[BlackTeam "Lithuania"]
[WhiteFideId "14107090"]
[BlackFideId "12803731"]
[EventDate "2022.07.29"]

1. e4 e5 2. Nf3 Nf6 3. Nxe5 d6 4. Nf3 Nxe4 5. Nc3 Nxc3 6. dxc3 Be7 7. Be3 Nc6 8.
Qd2 Be6 9. O-O-O Qd7 10. h4 h6 11. Kb1 Bf6 12. Nd4 Nxd4 13. Bxd4 Bxd4 14. Qxd4
O-O 15. Be2 Rae8 16. Bf3 b6 17. g4 Qb5 18. b3 Qc5 19. Qd2 Bd7 20. Rhg1 Bc6 21.
Bxc6 Qxc6 22. h5 Qf3 23. Rde1 Rxe1+ 24. Qxe1 Qc6 25. Rg3 Re8 26. Re3 Rxe3 27.
Qxe3 Kf8 28. Kb2 Qd5 29. f4 a5 30. f5 Qe5 31. Qd3 Ke7 32. Qa6 d5 33. Qc8 d4 34.
cxd4 Qxd4+ 35. Kc1 Qd6 36. a4 Kf6 37. Kb1 Kg5 38. Ka2 Qe7 39. Qg8 Qf6 40. Qb8
Qc6 41. c4 Kxg4 42. f6 Qxf6 43. Qxc7 Qf2+ 44. Kb1 Kxh5 45. c5 Qxc5 46. Qxf7+ g6
47. Qe8 Qf2 48. Ka1 Kh4 49. Qxg6 Qd4+ 50. Ka2 h5 51. Qg2 Qe3 52. Qh1+ Kg4 53.
Qd1+ Qf3 54. Qg1+ Kf4 55. Qxb6 h4 56. Qxa5 h3 57. Qc7+ Kg4 58. Qg7+ Kh4 59. Qe7+
Kg3 60. Qe5+ Kf2 61. Ka3 Qf8+ 62. Ka2 Kg2 63. Qg5+ Kf1 64. Qc1+ Kf2 65. Qd2+ Kf3
66. a5 Qf4 67. Qd5+ Kg3 68. Qd3+ Kh4 69. Qh7+ Kg3 70. Qd3+ Kh4 71. Qh7+ 1/2-1/2